Normal view
MARC view
- Cruz, Tamara
Entry Nombre Personal
001 - NUMERO DE CONTROL
- campo de control: 48433
003 - IDENTIFICADOR DE NUMERO DE CONTROL
- campo de control: UPN
005 - FECHA Y HORA DE LA ÜLTIMA TRANSACCIÓN
- campo de control: 20240305114039.0
008 - DATOS DE LONGITUD FIJA
- campo de control de longitud fija: 230321|| aca||aabn | a|a d
024 ## - OTROS IDENTIFICADORES NORMALIZADOS
- Fuente: orcid
- Número normalizado o código: https://orcid.org/0000-0003-2868-526X
040 ## - FUENTE DE CATALOGACIÓN
- Agencia original de catalogación: MX-MxUPN
100 1# - ENCABEZAMIENTO - NOMBRE PERSONAL
- Nombre personal: Cruz, Tamara
370 ## - LUGAR ASOCIADO
- Place of birth: Buenos Aires, Argentina
371 ## - DIRECCIÓN
- Electronic mail address: tamaraxcruz@gmail.com
372 ## - CAMPO DE ACTIVIDAD
- Field of activity: Educación, pedagogía
- Field of activity: Docencia
373 ## - GRUPO ASOCIADO
- Associated group: Universidad de San Andrés
374 ## - OCUPACIÓN
- Occupation: Maestra en Pedagogías Críticas y Problemáticas Socioeducativas
- Occupation: Profesora universitaria
670 ## - FUENTE EN LA QUE SE LOCALIZARON DATOS
- Cita de la fuente: En recurso en línea: Actualidades investigativas en educación. Vol. 22, no. 2 (2022):
- Información localizada: página 1 (Tamara Cruz)
- Uniform Resource Identifier: https://revistas.ucr.ac.cr/index.php/aie/article/view/48911/50802
902 ## - CATALOGADOR
- Catalogador: RGJD/160523
